000 00724nam a2200181Ia 4500
008 090630s9999 xx 000 0 und d
082 _b20983
100 _aजायस्वाल जयनारायण.
245 _aनैसर्गिक सौंदर्य रक्षण.
_cजायस्वाल जयनारायण.
260 _bमेहता.
300 _a0
600 _aजायस्वाल जयनारायण.
630 _aनैसर्गिक सौंदर्य रक्षण.
655 _aइतर.
700 _aजायस्वाल जयनारायण.
730 _aनैसर्गिक सौंदर्य रक्षण.
942 _cBOOK
999 _c272839
_d272839